000 01017nam a22003377a 4500
001 BR2014007309
003 BR-BrBNA
005 20230928104541.0
007 ta
008 230509b bl.||||| |||| 00| 0 por d
040 _aBR-BrBNA
_bpor
_cBiblioteca Nacional de Agricultura
041 _a(Por)
072 _aQ55; L02; Q04
_b5300
_b3730
_b8954
090 _ 5300 BR2014007309
100 1 _aFerreira, M.S. da S.
110 1 _aUniversidade Federal de Lavras, MG (Brasil)
_0Tese (Doutorado)
245 1 _aRactopamina em programas step up associado a dois níveis de lisina em rações para suínos em terminação
260 3 _aLavras, MG (Brasil):
_c2014.
300 _a100 p.
500 _aSummaries (Eng, Por); Several bibliography; 10 tables; 8 illus.
650 _aSUÍNO
650 _aADITIVO
650 _aRAÇÃO
650 _aLISINA
650 _aTERMINAÇÃO
650 _aÁCIDO GRAXO
650 _aCARNE
650 _aQUALIDADE
909 _a202309
_bLucia
_c55
_dLucia Elande
942 _cBK
999 _c80530
_d80530